Welcome to the Holygrace Academy Library

Please use search bar below to get started

TOGETHER WITH SCIENCE MULTIPLE CHOICE QUESTIONS (Record no. 792)

MARC details
000 -LEADER
fixed length control field 00311nam a22001217a 4500
082 ## - DEWEY DECIMAL CLASSIFICATION NUMBER
Classification number 500
Item number GUP/T
100 ## - MAIN ENTRY--AUTHOR NAME
Personal name AS VERMA, DIVYA
245 ## - TITLE STATEMENT
Title TOGETHER WITH SCIENCE MULTIPLE CHOICE QUESTIONS
Remainder of title CLASS X
260 ## - PUBLICATION, DISTRIBUTION, ETC. (IMPRINT)
Place of publication DELHI
Name of publisher RACHNA SAGAR
Year of publication 2008
300 ## - PHYSICAL DESCRIPTION
Number of Pages 156
650 ## - SUBJECT ADDED ENTRY--TOPICAL TERM
Topical Term MCQ SCIENCE FOR CLASS X
Geographic subdivision INDIA
942 ## - ADDED ENTRY ELEMENTS (KOHA)
Koha item type Books
Holdings
Withdrawn status Lost status Collection code Home library Current library Shelving location Date acquired Source of acquisition Full call number Accession Number Koha item type
    Reference Main Library Main Library SHELF-8 D CLASS X-SCIENCE 28/04/2011 purchase 500 GUP/T 05785 Books